=LDR 00000nam 2200000 4500 =001 INLIS000000000017174 =005 20130612112347 =008 ***********************************Ind** =035 ##$$0010-061300000017174 =041 ##$$a Ind =082 ##$$a 152.4 =090 ##$$a 152.4, Haf b =100 ##$$a Hafsan, M. Jafar =245 ##$$a Bisikan hati sang birokrat, Dr. Ir. M. Jafar Hafsah =260 ##$$a 2004 $b Jakarta =300 ##$$a 110 hlm, ilus, 14 cm =650 ##$$a Kasih Sayang =850 ##$$a NBPNMAT